| 000 | 00823nam a2200265 a 4500 | ||
|---|---|---|---|
| 001 | 66457 | ||
| 003 | BD-RjUL | ||
| 005 | 20211209081538.0 | ||
| 008 | 170316s1985 us a b 001 0 eng d | ||
| 020 | _a0409900028 | ||
| 035 | _a(BD-RjUL) 66587 | ||
| 040 |
_aDLC _cDLC _dDLC _dBD-RjUL _beng |
||
| 041 | _aeng | ||
| 082 | 0 | 0 |
_a628.3 _223 _bPAI 1985 |
| 100 | 1 |
_aPatterson, James William _d1940- _9196676 |
|
| 245 | 1 | 0 |
_aIndustrial wastewater treatment technology / _cJames W. Patterson. |
| 250 | _a2nd ed. | ||
| 260 |
_aBoston : _bButterworth, _cc1985. |
||
| 300 |
_axii, 467 p. : _bill. ; _c25 cm. |
||
| 500 | _aRev. ed. of: Wastewater treatment technology. c1975. | ||
| 504 | _aIncludes bibliographies and index. | ||
| 650 | 0 |
_aSewage _xPurification. _942729 |
|
| 650 | 0 |
_aWater _xPurification. _9196677 |
|
| 942 |
_2ddc _cBK |
||
| 999 |
_c66457 _d66457 |
||